| 000 | 00346nam a2200145Ia 4500 | ||
|---|---|---|---|
| 008 | 230719s9999 xx 000 0 und d | ||
| 041 | _aeng | ||
| 082 |
_a338.6'42'954 _bBAN |
||
| 100 |
_aBansal R. _9106283 |
||
| 245 | _aFollow Every Rainbow | ||
| 260 | _bWestland Ltd. | ||
| 300 | _a361 | ||
| 365 |
_cRs. _b87.00 |
||
| 700 |
_aBansal R. _9106283 |
||
| 999 |
_c354128 _d354128 |
||